Père, où est-tu? /
Obra en que se examina el rol del padre y la importancia que tiene la ausencia del padre en el desarrollo moral y psíquico de un infante, a partir de las respuestas que hace la autora a educadores, psiquiatras, padres de familia, jóvenes y sus hijos.
I tiakina i:
| Kaituhi matua: | |
|---|---|
| Hōputu: | Pukapuka |
| Reo: | Pāniora |
| I whakaputaina: |
Tournai, Bélgica :
Casterman,
1964, c1964
|
| Rangatū: | (Feuilles Familiales)
|
| Ngā marau: | |
| Ngā Tūtohu: |
Kāore He Tūtohu, Me noho koe te mea tuatahi ki te tūtohu i tēnei pūkete!
|
MARC
| LEADER | 00000nam^a2200000^a^4500 | ||
|---|---|---|---|
| 001 | 000185857 | ||
| 005 | 20250521000000.0 | ||
| 009 | 20260310102205.672 | ||
| 037 | |a Acervo ITESO - Biblioteca | ||
| 041 | |a ESP | ||
| 082 | |a 306. 8742 |b ALB | ||
| 100 | |a Albert-Lambert, Jacqueline |e (autor) | ||
| 245 | 1 | 0 | |a Père, où est-tu? / |c J. Albert-Lambert. |
| 264 | 4 | |a Tournai, Bélgica : |b Casterman, |c 1964, c1964 | |
| 300 | |a 154 p. | ||
| 336 | |a texto |b txt |2 rdacontenido | ||
| 337 | |a sin mediación |b n |2 rdamedio | ||
| 338 | |a volumen |b nc |2 rdasoporte | ||
| 440 | 1 | |a (Feuilles Familiales) | |
| 520 | |a Obra en que se examina el rol del padre y la importancia que tiene la ausencia del padre en el desarrollo moral y psíquico de un infante, a partir de las respuestas que hace la autora a educadores, psiquiatras, padres de familia, jóvenes y sus hijos. | ||
| 649 | |a XX | ||
| 650 | |a Padres | ||
| 650 | |a Paternidad | ||
| 650 | |a Roles | ||
| 650 | |a Relaciones Padres-Hijos | ||
| 650 | |a Relaciones Familiares | ||
| 650 | |a Interacción Social | ||
| 650 | |a Desarrollo Moral | ||
| 650 | |a Desarrollo Emocional | ||
| 650 | |a Psicología Evolutiva | ||
| 910 | |a Fondo General | ||
| 920 | |a Impresos - Libros | ||
| 930 | |a Colección General | ||
| 905 | |a 101 | ||
| 901 | |a 0500127073 |b IT1 |c ACC |u 20250521 | ||
| 902 | |a https://opac.biblio.iteso.mx/vufind/Record/000185857 | ||